000
00255nam a22001097a 4500
082
_a
746.44 RIS'M
100
_a
WARDLE, PATRICIA,RISLEY, EHRISTINE
_9
58092
245
_a
MACHINE EMBROIDERY
260
_a
LONDON
_b
VISTA
_c
1961
300
_a
128P
942
_c
BK
999
_c
568306
_d
568306